Gitanjali Reborn: (Record no. 150869)

MARC details
000 -LEADER
fixed length control field 00625nam a22001937a 4500
005 - DATE AND TIME OF LATEST TRANSACTION
control field 20180419101648.0
010 ## - LCCN (DPL NO)
LC control number ENG-122514
020 ## - INTERNATIONAL STANDARD BOOK NUMBER
International Standard Book Number 9789383166152
Terms of availability 850.00
035 ## - SYSTEM CONTROL NUMBER
System control number EN-106046
037 ## - SOURCE OF ACQUISITION
Source of stock number/acquisition DBAD/PUB
082 ## - DEWEY DECIMAL CLASSIFICATION NUMBER
Classification number 863.1
245 ## - TITLE STATEMENT
Title Gitanjali Reborn:
Statement of responsibility, etc ed. by Martin Kampchen
Remainder of title William Radice's writings on Rabindranath Tagore /
260 ## - PUBLICATION, DISTRIBUTION, ETC. (IMPRINT)
Place of publication, distribution, etc New Delhi
Name of publisher, distributor, etc Social Science Press
Date of publication, distribution, etc 2017
270 ## - ADDRESS
Address 69, Jor Bagh,
City New Delhi
Postal code 110003
300 ## - PHYSICAL DESCRIPTION
Extent 236p.
Other physical details ill.
Dimensions 21cm.(Hb)
500 ## - GENERAL NOTE
General note Include photo essay by Martin Kampchen
700 ## - ADDED ENTRY--PERSONAL NAME
Dates associated with a name Kampchen, Martin
942 ## - ADDED ENTRY ELEMENTS (KOHA)
Source of classification or shelving scheme Dewey Decimal Classification
Item type English Books
Call number suffix GIT
Classification part 863.1
Holdings
Withdrawn status Lost status Not for loan Collection code Home library Current library Date acquired Source of acquisition Cost, normal purchase price Full call number Barcode Copy number Cost, replacement price Koha item type
    Not For Loan Non-fiction D.B.Act.Division Sarojini Nagar 09/04/2018 DBAD/PUB 850.00 863.1 GIT EN-106046 1 850.00 English Books

© Delhi Public Library
Hit Counter
free hit counter